Bilecik Bilecik Bilecik Bilecik Bilecik

Beşinci taht : (Record no. 66371)

MARC details
000 -BAŞLIK
Sabit Uzunluktaki Kontrol Alanı 01967nam a22004217a 4500
001 - KONTROL NUMARASI
Control Dosyası 0065988
003 - KONTROL NUMARASI KİMLİĞİ
Kontrol Alanı KOHA_MİRAKIL
005 - EN SON İŞLEM TARİHİ ve ZAMANI
Kontrol Alanı 20260207004624.0
007 - FİZİKSEL TANIM SABİT ALAN - GENEL BİLGİ
Sabit uzunluklu kontrol alanı ta
008 - SABİT UZUNLUKTAKİ VERİ ÖGELERİ - GENEL BİLGİ
Sabit Alan 210304b2003 tu |||gr||||#0|||1|tur |
040 ## - KATALOGLAMA KAYNAĞI
Özgün Kataloglama Kurumu TR-BiSEU
Kataloglama Dili tur
Çeviri Kurumu TR-BiSEU
Açıklama Kuralları rda
041 0# - DİL KODU
Metin ya da ses kaydının dil kodu tur
044 ## - YAYINLAYAN/ÜRETEN KURULUŞUN ÜLKE KODU
ISO country code tu
050 ## - SINIFLAMA ve YER NUMARASI
Sınıflama Numarası PK6490.Y8
Yer Numarası C36 2003
100 1# - KİŞİ ADI
Yazar Adı (Kişi adı) Câmî, Nureddin Abdurrahman ibni Ahmed-i .
240 10 - TEK BİÇİM BAŞLIK
Tekbiçim Başlık <a href="The fifth throne : Yûsuf ve Züleyhâ">The fifth throne : Yûsuf ve Züleyhâ</a>
Language of a work Türkçe
245 1# - ESER ADI BİLDİRİMİ
Başlık Beşinci taht :
Alt Eseradı vb. Yûsuf ve Züleyhâ =
-- The fifth throne :
-- Yûsuf ve Züleyhâ/
Sorumluluk Bildirimi Nureddin Abdurrahman ibni Ahmed-i Câmî ; Nureddin Abdurrahman ibni Ahmed-i Câmî ; Türkçeye çeviren Ali Nihat Tarlan ; Türkçe tercümeyi asliyle karşılaştırıp Farsça baskısının (1972) ve yazmasının (Süleymaniye Ayasofya 3898) tıpkıbasımları ile birlikte yayına hazırlayan Günay Kut.
264 #1 - ÜRERİM, YAYIN, DAĞITIM ve TELİF BİLDİRİMİ
Yayın yeri [Cambridge, Mass.] :
Yayınlayan Harvard Üniversitesi Yakındoğu Dilleri ve Medeniyetleri Bölümü
Yayın tarihi 2003
300 ## - FİZİKSEL TANIMLAMA
Sayfa, Cilt vb. xvi, 436 sayfa; 28 cm
336 ## - İÇERİK TÜRÜ
Content type term metin
Content type code txt
Source rdacontent
337 ## - MEDYA TÜRÜ
Media type term aracısız
Media type code n
Source rdamedia
338 ## - TAŞIYICI TÜRÜ
Carrier type term cilt
Carrier type code nc
Source rdacarrier
490 1# - DİZİ BİLDİRİMİ
Dizi Bildirimi Doğu dilleri ve edebiyatlarının kaynakları ;
Cilt Numarası 55.
490 1# - DİZİ BİLDİRİMİ
Dizi Bildirimi İslami kaynaklar ;
Cilt Numarası 4 =
Dizi Bildirimi Sources of Oriental languages and literatures ;
Cilt Numarası 55.
490 1# - DİZİ BİLDİRİMİ
Dizi Bildirimi Islamic sources ;
Cilt Numarası 4
500 ## - GENEL NOT
Genel Not Tıpkıbasım mevcut.
500 ## - GENEL NOT
Genel Not Kaynakça ve dizin var.
650 #0 - KONU BAŞLIĞI EK GİRİŞ - KONU TERİMİ
Konusal terim veya coğrafi ad El Yazmaları, Farsça--Fakslar.
9 (RLIN) 124284
650 #0 - KONU BAŞLIĞI EK GİRİŞ - KONU TERİMİ
Konusal terim veya coğrafi ad İran edebiyatı.
9 (RLIN) 9598
650 #0 - KONU BAŞLIĞI EK GİRİŞ - KONU TERİMİ
Konusal terim veya coğrafi ad Türk Edebiyatı--Divan Şiiri.
9 (RLIN) 118157
650 #0 - KONU BAŞLIĞI EK GİRİŞ - KONU TERİMİ
Konusal terim veya coğrafi ad Manuscripts, Persian--Facsimiles.
9 (RLIN) 124285
650 #0 - KONU BAŞLIĞI EK GİRİŞ - KONU TERİMİ
Konusal terim veya coğrafi ad Persian poetry--Translations into Turkish.
9 (RLIN) 124286
830 1# - SERİ EK GİRİŞİ - TEKBİÇİM ESER ADI
Tekbiçim Başlık Doğu dilleri ve edebiyatlarının kaynakları ;
Volume number/sequential designation 55.
9 (RLIN) 85097
830 1# - SERİ EK GİRİŞİ - TEKBİÇİM ESER ADI
Tekbiçim Başlık İslami kaynaklar ;
Volume number/sequential designation 4 =
Tekbiçim Başlık Sources of Oriental languages and literatures ;
Volume number/sequential designation 55.
9 (RLIN) 124287
830 1# - SERİ EK GİRİŞİ - TEKBİÇİM ESER ADI
Tekbiçim Başlık Islamic sources ;
Volume number/sequential designation 4
9 (RLIN) 124288
907 ## - LOCAL DATA ELEMENT G, LDG (RLIN)
a Edebiyat
942 ## - EK GİRİŞ ÖGELERİ (KOHA)
Source of classification or shelving scheme Library of Congress Classification
Koha item type Book
Holdings
Materyal Türü Kalıcı Konum Mevcut Konum Raf Yeri Sınıflandırma Kaynağı Edinim Bilgisi Ana Konular Alt Konular Yer Numarası Demirbaş Numarası Fatura Tarihi Geri Çekilme Durumu Kayıp Durumu Hasarlı Durumu Kredi için değil Kayıt Tarih Toplam Ödünçverme Son Görülme Tarihi Son Kontrol Tarihi Genel / Bağış Notu
Book Prof. Dr. Azmi Özcan Kütüphanesi Prof. Dr. Azmi Özcan Kütüphanesi Birûni Salonu Library of Congress Classification Bağış DİL VE EDEBİYAT Hint-İran Dilleri ve Edebiyatları PK6490.Y8 C36 2003 0065988 02/02/2026         04/03/2021   05/03/2025 05/03/2025 Millet Kütüphanesi [Cumhurbaşkanlığı Külliyesi]